Paroles - Nekfeu - 1er rôle - Statistiques

Statistiques générales
  • Ce quiz a été pris 203 fois
    165 depuis la dernière actualisation
  • Le résultat moyen est 299 sur 532
Statistiques - réponses
Paroles % Correct
à
100%
a
100%
de
100%
le
100%
ma
100%
m'a
100%
Ma
100%
du
99%
Mais
99%
mais
99%
me
99%
Tu
99%
tu
99%
vie
99%
et
96%
Et
96%
premier
96%
rôle
96%
un
96%
jamais
94%
film
93%
les
93%
peux
93%
se
93%
acteur
91%
je
91%
Je
91%
la
91%
La
91%
là,
91%
n'auras
91%
important
90%
j'ai
90%
J'ai
90%
pas
90%
être
88%
que
88%
mal
87%
te
87%
dans
85%
Dans
85%
mon
85%
Quand
85%
quand ?"
85%
toutes
85%
ai
82%
eu
81%
J'aime
81%
j'aime
81%
bobine,
76%
casting,
75%
casting
75%
des
75%
portes
75%
y
75%
ces
74%
seul
74%
Seul
74%
codes,
72%
projeter
72%
certains
71%
Certains
71%
donné
71%
réalisateur
71%
générique
69%
pour
69%
alors
68%
m'ont
68%
T'étais
68%
figu'
66%
réplique
66%
C'est
65%
c'est
65%
en
65%
script,
65%
toi
65%
Y'a
65%
y'a
65%
fait
63%
j'suis
63%
acteurs,
62%
avec
62%
filles
62%
juste
62%
quelques
62%
Quelques
62%
crochetées
60%
on
60%
On
60%
pu
60%
une
60%
écrit
59%
ceux
56%
faux
56%
flics
56%
Il
56%
il
56%
manquent
56%
suis
56%
comme
54%
j'faisais
54%
Homme
53%
homme
53%
mektoub
53%
tête
53%
qui
51%
si
51%
son
50%
son,
50%
plan
49%
Plan
49%
coupe
47%
est
47%
terre
47%
corps
46%
corps,
46%
j'me
46%
J'me
46%
off
46%
raccords
44%
t'es
44%
au
43%
connaitre
43%
l'Oscar
43%
printemps
41%
putains
41%
rapports
41%
têtes
41%
plus
40%
sans
40%
ville
40%
regard,
38%
retrouvé
38%
sur
38%
tourner
38%
femme
37%
J'aurais
37%
cam'
34%
dis
34%
large,
34%
méritent
34%
par
34%
perdant
34%
braves
32%
coups
32%
devin
32%
donc
32%
Donc
32%
d'un
32%
ne
32%
galère
31%
nuit
31%
temps,
31%
yeux
31%
après
29%
durs
29%
fin
29%
nos
29%
officialisent
29%
s'occupe
29%
Voix
29%
d'une
28%
faut
28%
sent
28%
vois
28%
balle
26%
beau
26%
bientôt
26%
"bientôt
26%
contre
26%
grand
26%
même
26%
nous,
26%
séquence
26%
sincère
26%
ton
26%
font
25%
lascars
25%
mes
25%
Toujours
25%
clap
24%
coeur
24%
demain,
24%
essais
24%
Flash-back,
24%
force
24%
lossbar
24%
puis
24%
serré
24%
baiser
22%
demandé,
22%
fuites,
22%
gaspilles,
22%
jour
22%
J'veux
22%
mature
22%
Regarde
22%
réponds
22%
rush
22%
sentiments
22%
t'observe
22%
aime
21%
ans
21%
Devenir
21%
l'autre
21%
l'impact
21%
petits
21%
rêves
21%
reviens
21%
sais
21%
trop
21%
angle
19%
chétif,
19%
devienne
19%
Non,
19%
sont
19%
sur-exposé
19%
tellement
19%
trente
19%
devant
18%
excitant
18%
flingue
18%
immenses
18%
lance-ba
18%
mettre
18%
noyade
18%
poil
18%
scène
18%
clamse
16%
cligner
16%
déshabille
16%
gestes
16%
notes
16%
point,
16%
posé
16%
ralenti
16%
reufs
16%
zgar
16%
argumentées
15%
existences
15%
hauteur
15%
l'odeur
15%
miss,
15%
monter,
15%
notre
15%
rushs
15%
vice,
15%
ailes
13%
auteur
13%
bruit
13%
contre-plongée
13%
d'amour,
13%
démodé
13%
duo
13%
ellipse
13%
encore
13%
fasse
13%
J'partirai
13%
j'rembobine
13%
livrer
13%
l'objectif
13%
Lorsque
13%
marche
13%
motard
13%
n'ose
13%
pluie
13%
pourvu
13%
pudique
13%
qu'je
13%
reuch
13%
revisualise
13%
Séduit
13%
spleen
13%
tarde
13%
abysses
12%
déploie
12%
d'hiver
12%
Hey
12%
Mauvaise
12%
moteur
12%
noir,
12%
nouvelle
12%
prenne
12%
pris
12%
s'élance
12%
silence
12%
vision
12%
appui
10%
bouteille
10%
Début
10%
faite
10%
fondu
10%
images
10%
l'honneur
10%
l'on
10%
musique
10%
plancher
10%
Amateur
9%
démonté
9%
dirait
9%
faudrait
9%
frissons
9%
l'ivresse
9%
Motown
9%
ouverts,
9%
qu'c'est
9%
recherche
9%
verre
9%
ciseaux
7%
Descente
7%
d'images,
7%
s'écrase
7%
s'élargit,
7%
sourire
7%
soutenant
7%
ventre
7%
bouts
6%
flair,
6%
gouttes
6%
Insère
6%
sang
6%
brille
4%
Aucun quiz correspondant
Distribution des résultats
% des personnes avec chaque résultat
Percentile par nombre de réponses
Votre historique - résultats
Vous n’avez pas pris ce quiz depuis la dernière actualisation